000
00300nam a2200121Ia 4500
008
190216s9999||||xx |||||||||||||| ||und||
100
_a
Satya Prakash
245
0
_a
Statistical Mechanics And Solid State Physics
260
_b
Pragathi Prakashan
300
_a
287
650
_a
Physics
942
_c
BK
999
_c
34171
_d
34171